=LDR 00000nam 2200000 4500 =001 INLIS000000000037824 =005 20130612143532 =008 ***********************************Ind** =035 ##$$0010-061300000037824 =041 ##$$a Ind =082 ##$$a 650 =090 ##$$a 650, Pra c =100 ##$$a Pratiwi, Dewi =245 ##$$a Cara mudah bagi UKM mendobrak kebetulan bisnis, Dewi Pratiwi, Irawan Senda ; editor, Rayendra L. Tonian =260 ##$$a 2010 $b Jakarta =300 ##$$a xvii, 20 hlm, ilus, 21 cm =650 ##$$a Toruan, Rayendra L =850 ##$$a NBPNMAT =990 ##$$a 0001/BPAP-NTB/2015 =990 ##$$a 0001/BPAP-NTB/2015 =990 ##$$a 0001/BPAP-NTB/2015